Luật quản lý, sử dụng vốn nhà nước đầu tư vào sản xuất, kinh doanh tại doanh nghiệp

Giới thiệu toàn văn Luật quản lý, sử dụng vốn nhà nước đầu tư vào sản xuất, kinh doanh tại doanh nghiệp gồm các quy định chung và quy định cụ thể về đầu tư vốn nhà nước vào doanh nghiệp; quản lý sử dụng vốn, tài sản tại doanh nghiệp do...

Popoln opis

Shranjeno v:
Bibliografske podrobnosti
Glavni avtor: Việt Nam (Cộng hòa Xã hội Chủ nghĩa)
Format: Knjiga
Jezik:Undetermined
Izdano: H. Chính trị quốc gia - Sự thật 2015
Teme:
Online dostop:http://lrc.tdmu.edu.vn/opac/search/detail.asp?aID=2&ID=29295
Oznake: Označite
Brez oznak, prvi označite!
Thư viện lưu trữ: Trung tâm Học liệu Trường Đại học Thủ Dầu Một
LEADER 01650nam a2200205Ia 4500
001 TDMU_29295
008 210410s9999 xx 000 0 und d
082 |a 624.0218597 
090 |b V308 
100 |a Việt Nam (Cộng hòa Xã hội Chủ nghĩa) 
245 0 |a Luật quản lý, sử dụng vốn nhà nước đầu tư vào sản xuất, kinh doanh tại doanh nghiệp 
245 0 |c Cộng hòa Xã hội Chủ nghĩa Việt Nam 
260 |a H. 
260 |b Chính trị quốc gia - Sự thật 
260 |c 2015 
300 |a 82tr. 
520 |a  Giới thiệu toàn văn Luật quản lý, sử dụng vốn nhà nước đầu tư vào sản xuất, kinh doanh tại doanh nghiệp gồm các quy định chung và quy định cụ thể về đầu tư vốn nhà nước vào doanh nghiệp; quản lý sử dụng vốn, tài sản tại doanh nghiệp do nhà nước nắm giữ 100% vốn điều lệ; cơ cấu lại vốn nhà nước tại doanh nghiệp; quyền, trách nhiệm của đại diện chủ sở hữu nhà nước... và điều khoản thi hành 
650 |a Văn bản pháp luật  |x Vốn nhà nước  |x Vốn đầu tư  |x Doanh nghiệp  |y 2014  |z Việt Nam; Pháp luật  |x Vốn nhà nước  |x Vốn đầu tư  |x Doanh nghiệp  |y 2014  |z Việt Nam; Luật lệ và sắc lệnh 
856 |u http://lrc.tdmu.edu.vn/opac/search/detail.asp?aID=2&ID=29295 
980 |a Trung tâm Học liệu Trường Đại học Thủ Dầu Một